| 000 | 00460nam a2200181Ia 4500 | ||
|---|---|---|---|
| 005 | 20250115020344.0 | ||
| 008 | 240331s9999 xx 000 0 und d | ||
| 020 | _a0646454285 | ||
| 082 |
_bGUN _a948 |
||
| 100 | _aGunasingam,M | ||
| 245 | 0 | _aPrimary sources for history of the Sri Lankan tamils | |
| 260 |
_aSydney _bMV Publications _c2005 |
||
| 300 | _a368 p ., | ||
| 650 | _aHistorical | ||
| 650 | _aCulture | ||
| 650 | _aSri Lankans Tamils | ||
| 942 | _cL | ||
| 999 |
_c4508 _d4508 |
||